000 01104nab a22002417a 4500
999 _c6502
_d6502
003 OSt
005 20260213121634.0
008 190429b xxu||||| |||| 00| 0 spa d
040 _cPJ
100 _97112
_aBonavena, Alejandra
245 1 3 _aEl dilema de la prescripción en el abuso sexual infantil /
_cAlejandra Bonavena, Gonzalo García Carrón Bonavena.
260 _cCiudad Autónoma de Buenos Aires :
_aThomson Reuters La Ley,
_b2024.
300 _ap. 96-103
500 _aCita: TR LALEY AR/DOC/1096/2024.
505 _aSumario: I. Introducción.— II. Hechos del caso. Resolución judicial.— III. Posturas vigentes.— IV. Conclusiones.
505 _tSi te interesa el texto completo, solicitalo a koha@justierradelfuego.gov.ar
650 0 _9343
_aDERECHO PENAL
650 0 _93902
_aPRESCRIPCIÓN DE LA ACCIÓN PENAL
650 0 _92903
_aABUSO SEXUAL
700 _96494
_aGarcía Carrón Bonavena, Gonzalo
773 0 _02658
_93164
_tRevista de derecho penal y criminología. Nº 7 - Junio 2024
_dCiudad Autónoma de Buenos Aires : Thomson Reuters La Ley, 2017-
_x00347914
942 _2udc
_cANA